House of Jagat Seth / (Record no. 57130)

MARC details
000 -LEADER
fixed length control field 00685nam a22002057a 4500
005 - DATE AND TIME OF LATEST TRANSACTION
control field 20110929102127.0
010 ## - LCCN (DPL NO)
LC control number G-001467
020 ## - INTERNATIONAL STANDARD BOOK NUMBER
Terms of availability 250.00
International Standard Book Number 9788190598026
035 1d - SYSTEM CONTROL NUMBER
System control number G-001467
037 ## - SOURCE OF ACQUISITION
Source of stock number/acquisition Gift
082 ## - DEWEY DECIMAL CLASSIFICATION NUMBER
Classification number 954.0317
100 ## - MAIN ENTRY--PERSONAL NAME
Personal name Little, J.H.
245 ## - TITLE STATEMENT
Title House of Jagat Seth /
Statement of responsibility, etc by J.H. Little
260 ## - PUBLICATION, DISTRIBUTION, ETC. (IMPRINT)
Place of publication, distribution, etc Kolkata
Name of publisher, distributor, etc Bibliophil
Date of publication, distribution, etc 2008
270 ## - ADDRESS
Address 206, Bidhan Sarani
City Kolkata
Postal code 700006
300 ## - PHYSICAL DESCRIPTION
Extent 264p.
Dimensions 22cm(Hb)
942 ## - ADDED ENTRY ELEMENTS (KOHA)
Source of classification or shelving scheme Dewey Decimal Classification
Item type English Books
Classification part 954.0317
Call number suffix LIT
Holdings
Withdrawn status Lost status Not for loan Collection code Home library Current library Date acquired Source of acquisition Cost, normal purchase price Full call number Barcode Copy number Cost, replacement price Koha item type
      Non-fiction Janak Puri Janak Puri 29/09/2011 gift 250.00 954.0317 LIT G-001467 1 250.00 English Books

© Delhi Public Library
Hit Counter
free hit counter